| 000 | 00360nam a2200133Ia 4500 | ||
|---|---|---|---|
| 008 | 210210b1997 xxu||||| |||| 00| 0 eng d | ||
| 082 | _aS891.5 TRIK | ||
| 100 | _aTRIPATHI (Radhavallabh). | ||
| 245 | _aKautilya's arthasastra and modern world. | ||
| 260 |
_aDelhi _bPratibha prakashan _c1997 |
||
| 300 | _a180 | ||
| 690 | _aSanskrit Darshana | ||
| 906 | _a054279 | ||
| 999 |
_c102247 _d102247 |
||